Statistics for Top 50 Countries With The Lowest Crime Rate

Click here to take the quiz!

General Stats

  • This quiz has been taken 81 times
  • The average score is 35 of 50

Answer Stats

RateCountry% Correct
35.9Norway
92%
26.2Denmark
90%
27.6Finland
90%
24.5Iceland
90%
22.1Japan
90%
26.6South Korea
90%
12.4Qatar
89%
25.2Saudi Arabia
88%
21.6Switzerland
86%
23.7Estonia
85%
30.3Slovakia
85%
25.4Austria
84%
22.8Slovenia
84%
15.2United Arab Emirates
84%
25.6Bahrain
82%
38.7Latvia
82%
27.9Singapore
82%
35.4Germany
81%
33.4Lithuania
81%
27.1Netherlands
79%
34.1Luxembourg
78%
30.1Portugal
78%
33.4Kuwait
75%
28.3Romania
75%
33.5Spain
75%
15.4Taiwan
75%
38.3Bulgaria
74%
24.0Croatia
74%
20.3Oman
74%
30.5Poland
74%
25.5Czech Republic
73%
31.4Israel
73%
40.3Malta
70%
29.9China
68%
38.1Serbia
67%
34.3Hungary
64%
39.9Jordan
64%
29.0Brunei
58%
31.2Cyprus
55%
39.1North Macedonia
53%
39.6Turkey
53%
23.3Georgia
52%
41.2Russia
52%
22.7Armenia
49%
36.0Nepal
49%
32.0Azerbaijan
48%
39.3Thailand
42%
28.1Cuba
36%
33.2Uzbekistan
30%
25.3Rwanda
8%

Score Distribution

Percentile by Number Answered

Percent of People with Each Score

Your Score History

You have not taken this quiz